| 000 | 00387nam a2200121Ia 4500 | ||
|---|---|---|---|
| 008 | 220615s9999||||xx |||||||||||||| ||und|| | ||
| 100 | _aSinger, Martin | ||
| 245 | 0 | _aEducated Youth and the Cultural Revolution in China | |
| 546 | _aEnglish[eng] | ||
| 650 | _aSociology and anthropology | ||
| 856 | _uhttps://library.oapen.org/bitstream/20.500.12657/41819/1/9780472901555.pdf | ||
| 942 | _cEB | ||
| 999 |
_c8529 _d8529 |
||